000
00297nam a2200121Ia 4500
008
190216s9999||||xx |||||||||||||| ||und||
100
_a
Bhattacharya A B
245
0
_a
Economic Palnning In India And Abroad
260
_b
Vikas Publishing House
300
_a
267
650
_a
Economics
942
_c
BK
999
_c
9313
_d
9313